載入...
Nutrition
| 主要作者: | |
|---|---|
| 格式: | Printed Book |
| 語言: | Undetermined English |
| 出版: |
Wirginia
Reston Publishing Company Inc
1980
|
| 主題: |
| LEADER | 00528nam a2200169Ia 4500 | ||
|---|---|---|---|
| 008 | 140306s9999 xx 000 0 und d | ||
| 041 | |a eng | ||
| 082 | |a 640 |b WEN/NO | ||
| 100 | |a Wenck, D A | ||
| 245 | |a Nutrition | ||
| 260 | |a Wirginia |b Reston Publishing Company Inc |c 1980 | ||
| 300 | |a 598 | ||
| 365 | |b USD.17.95 | ||
| 650 | |a Homescience | ||
| 942 | |2 ddc |c BK | ||
| 999 | |c 112575 |d 112575 | ||
| 952 | |0 0 |1 0 |2 ddc |4 0 |6 640_000000000000000_WENNO |7 0 |9 110352 |a KAUHCV |b KAUHCV |d 2004-04-06 |g 17.95 |o 640 WEN/NO |p KAU_HCV-16195 |r 2014-03-22 |w 2014-03-22 |y BK | ||